The business of sustainable forestry : (Record no. 232695)

000 -LEADER
fixed length control field 01323cam a22003134a 4500
001 - CONTROL NUMBER
control field 4521055
003 - CONTROL NUMBER IDENTIFIER
control field Nust
005 - DATE AND TIME OF LATEST TRANSACTION
control field 20180117090023.0
008 - FIXED-LENGTH DATA ELEMENTS--GENERAL INFORMATION
fixed length control field 990210s1999 dcua bi 001 0 eng
010 ## - LIBRARY OF CONGRESS CONTROL NUMBER
LC control number 99018533
020 ## - INTERNATIONAL STANDARD BOOK NUMBER
International Standard Book Number 1559637137 (alk. paper : cloth)
040 ## - CATALOGING SOURCE
Original cataloging agency DLC
Transcribing agency DLC
Modifying agency DLC
042 ## - AUTHENTICATION CODE
Authentication code pcc
050 00 - LIBRARY OF CONGRESS CALL NUMBER
Classification number SD387.S87
Item number J45 1999
082 00 - DEWEY DECIMAL CLASSIFICATION NUMBER
Classification number 333.75/15
Edition number 21
100 1# - MAIN ENTRY--PERSONAL NAME
Personal name Jenkins, Michael B.
245 14 - TITLE STATEMENT
Title The business of sustainable forestry :
Remainder of title strategies for an industry in transition /
Statement of responsibility, etc. Michael B. Jenkins and Emily T. Smith.
260 ## - PUBLICATION, DISTRIBUTION, ETC.
Place of publication, distribution, etc. Washington, D.C. :
Name of publisher, distributor, etc. Island Press,
Date of publication, distribution, etc. c1999.
300 ## - PHYSICAL DESCRIPTION
Extent xvii, 356 p. :
Other physical details ill. ;
Dimensions 24 cm.
504 ## - BIBLIOGRAPHY, ETC. NOTE
Bibliography, etc. note Includes bibliographical references and index.
650 #0 - SUBJECT ADDED ENTRY--TOPICAL TERM
Topical term or geographic name entry element Sustainable forestry.
650 #0 - SUBJECT ADDED ENTRY--TOPICAL TERM
Topical term or geographic name entry element Forest products industry.
700 1# - ADDED ENTRY--PERSONAL NAME
Personal name Smith, Emily T.
856 42 - ELECTRONIC LOCATION AND ACCESS
Materials specified Publisher description
Uniform Resource Identifier <a href="http://www.loc.gov/catdir/enhancements/fy0666/99018533-d.html">http://www.loc.gov/catdir/enhancements/fy0666/99018533-d.html</a>
906 ## - LOCAL DATA ELEMENT F, LDF (RLIN)
a 7
b cbc
c orignew
d 1
e ocip
f 19
g y-gencatlg
942 ## - ADDED ENTRY ELEMENTS (KOHA)
Source of classification or shelving scheme
Koha item type Book
Holdings
Withdrawn status Lost status Source of classification or shelving scheme Damaged status Not for loan Permanent Location Current Location Shelving location Date acquired Full call number Barcode Date last seen Price effective from Koha item type
          Central Library (CL) Central Library (CL) General Stacks 02/22/2017 333.7515 JEN S3H-N-1012 02/22/2017 02/22/2017 Book
© 2023 Central Library, National University of Sciences and Technology. All Rights Reserved.